1109 1595 1594 1408 1025 1256 1019 1819 1383 1473 1204 1996 1062 1522 1945 1467 1344 1674 1860 1172 1840 1006 1834 1734 1727 1275 1657 1888 1381 1780 1255 1379 1310 1537 1136 1054 1138 1836 1886 1189 1776 1543 1735 1152 1842 1442 1179 1696 1875 1659 1942 1988 1775 1053 1393 1272 1708 1602 1247 1560 1686 1185 1823 1354 1113 1709 1727 1136 1520 1160 1433 1082 1249 1584 1438 1585 1145 1990 1651 1665 1357 1820 1069 1584 1145 1501 1177 1719 1267 1923 1447 1831 1278 1559 1164 1694 1597 1604 1470 BCNSPRNW ULIB Ver.6.0+V

เปลี่ยนเป็นภาษาไทย

Change to English
 แสดงรายละเอียดบรรณานุกรม
  กลับหน้าหลัก

Brief Record : Get Marc (ISO 2709) : E-mail record : QR code < ปิดหน้าต่าง
LEADER : 00000nam 2200000uu 4500
001    13399128062
003     ULIB
008    220204s||||||||th 000 0 tha d
020 ^   ^a9786163124159 :^c300 บาท
050 0   ^aนว.^bร196พ
100 ^   ^aรอมแพง.
245 1   ^aพรหมลิขิต^cรอมแพง.
250 ^   ^aพิมพ์ครั้งที่ 1.
260 ^   ^aกรุงเทพฯ^bแฮปปี้ บานานา^c2562.
300 ^   ^a536 หน้า ; 19 ซม.
945    ^p300^l0^i29207
999    ^aกัณชพร จุลอักษร
รายการนี้ยังไม่มีแท็ก
คุณยังไม่ได้ล็อกอิน คุณสามารถมีกิจกรรมร่วมกับเว็บไซต์ได้ แต่ต้องล็อกอินก่อน ::
  ล็อกอิน

รายการสื่อสารสนเทศ

ลำดับที่ ประเภท เลขเรียก/บาร์โค้ด สถานที่ สถานะ
1. วิทยาศาสตร์การแพทย์ และสุขภาพ
วิทยาศาสตร์การแพทย์ และสุขภาพ
นว. ร196พ ฉ.1 
  Barcode: 29207
ห้องสมุดวิทยาเขตนครสวรรค์
►นวนิยาย:l:Fiction
บนชั้น

รายการใกล้เคียง
    ผู้แต่ง [รอมแพง.]

BibComment


ยังไม่เคยถูกคอมเมนท์

คอมเมนท์ทรัพยากรรายการนี้
  คอมเมนท์: พรหมลิขิต รอมแพง


 Copyright 2026. Bcnsprnw @Library